[Event "Panamericano por Equipos 2009"]
[Site "Mendes BRA"]
[Date "2009.08.09"]
[Round "1.11"]
[White "Prasca Sosa, Rafael"]
[Black "Bruzon Batista, Lazaro"]
[Result "1/2-1/2"]
[WhiteElo "2414"]
[BlackElo "2619"]
[PlyCount "59"]
[EventDate "2009.08.09"]
[EventType "team"]
[EventRounds "5"]
[EventCountry "BRA"]
[Source "lmi"]
[SourceDate "2009.08.09"]

1. e4 c5 2. Nf3 e6 3. Nc3 d6 4. d4 cxd4 5. Nxd4 Nf6 6. g4 e5 7. Bb5+ Bd7 8.
Bxd7+ Qxd7 9. Nf5 h5 10. gxh5 Nxh5 11. Bh6 g6 12. Bxf8 gxf5 13. Bxd6 Nc6 14.
Bc5 Qxd1+ 15. Rxd1 b6 16. Ba3 Nd4 17. Kd2 Nf4 18. exf5 Rc8 19. Kc1 Nfe2+ 20.
Kb1 Rxc3 21. Rxd4 Nxd4 22. bxc3 Nxf5 23. Re1 f6 24. f4 Nh4 25. Bc1 Nf3 26. Re3
Nxh2 27. fxe5 Ng4 28. exf6+ Nxe3 29. Bxe3 Kf7 30. Bd4 1/2-1/2

[Event "Panamericano por Equipos 2009"]
[Site "Mendes BRA"]
[Date "2009.08.09"]
[Round "1.21"]
[White "Flores, Diego"]
[Black "Munoz, Lisandro"]
[Result "1-0"]
[WhiteElo "2587"]
[BlackElo "2391"]
[PlyCount "73"]
[EventDate "2009.08.09"]
[EventType "team"]
[EventRounds "5"]
[EventCountry "BRA"]
[Source "lmi"]
[SourceDate "2009.08.09"]

1. c4 c6 2. Nf3 d5 3. e3 Nf6 4. Nc3 e6 5. d4 Nbd7 6. Bd3 dxc4 7. Bxc4 b5 8. Bd3
Bb7 9. O-O Bd6 10. a3 O-O 11. b4 Qe7 12. e4 e5 13. Ne2 a5 14. Rb1 axb4 15. axb4
Rfd8 16. Ng3 g6 17. Bg5 exd4 18. Re1 Bxb4 19. e5 Bxe1 20. exf6 Bxf2+ 21. Kxf2
Nxf6 22. Kg1 Qd6 23. Nd2 c5 24. Qf1 Ng4 25. Bxd8 Qxd8 26. Qf4 Ne3 27. Nde4 f5
28. Nd6 Ra2 29. Be2 Bxg2 30. Bxb5 Bd5 31. Be2 Qa8 32. Ndxf5 Ra1 33. Nh6+ Kg7
34. Nh5+ gxh5 35. Qg5+ Kf8 36. Qf6+ Ke8 37. Bxh5+ 1-0

[Event "Panamericano por Equipos 2009"]
[Site "Mendes BRA"]
[Date "2009.08.09"]
[Round "1.22"]
[White "Dominguez, Jose Manuel"]
[Black "Alonso, Salvador"]
[Result "1-0"]
[WhiteElo "2368"]
[BlackElo "2517"]
[PlyCount "63"]
[EventDate "2009.08.09"]
[EventType "team"]
[EventRounds "5"]
[EventCountry "BRA"]
[Source "lmi"]
[SourceDate "2009.08.09"]

1. Nf3 d5 2. b4 c6 3. e3 Bg4 4. Be2 e6 5. a3 Nd7 6. Bb2 Ngf6 7. c4 Bd6 8. d3
O-O 9. h3 Bxf3 10. Bxf3 Qe7 11. Nd2 e5 12. Rc1 e4 13. dxe4 Be5 14. Bxe5 Nxe5
15. Qc2 dxc4 16. Nxc4 Nxc4 17. Qxc4 Rfe8 18. Rd1 a5 19. O-O axb4 20. axb4 Nxe4
21. Rd4 Nf6 22. Rfd1 Rad8 23. b5 Rxd4 24. exd4 cxb5 25. Qxb5 Rb8 26. Qc5 Qd8
27. d5 b5 28. d6 b4 29. d7 Rb6 30. Qa5 Rb8 31. Qa7 Rb5 32. Qa8 1-0

[Event "Panamericano por Equipos 2009"]
[Site "Mendes BRA"]
[Date "2009.08.09"]
[Round "1.23"]
[White "Goldwaser, Christian"]
[Black "Puntier, William"]
[Result "1-0"]
[WhiteElo "2442"]
[BlackElo "2291"]
[PlyCount "83"]
[EventDate "2009.08.09"]
[EventType "team"]
[EventRounds "5"]
[EventCountry "BRA"]
[Source "lmi"]
[SourceDate "2009.08.09"]

1. Nf3 Nf6 2. c4 g6 3. d4 c5 4. Nc3 Bg7 5. e4 cxd4 6. Nxd4 O-O 7. Be3 d6 8. Be2
Nc6 9. O-O Bd7 10. Qd2 Nxd4 11. Bxd4 Bc6 12. f3 a5 13. b3 Nd7 14. Be3 Qb8 15.
Rab1 Rc8 16. Rfc1 Nc5 17. Rc2 h5 18. Bf1 Qc7 19. g3 Qd8 20. Nd5 e6 21. Nf4 Qe7
22. Rd1 Rd8 23. Ne2 h4 24. Bg5 f6 25. Bf4 hxg3 26. hxg3 Qd7 27. Qe1 Bf8 28. Bh3
Qh7 29. Qf1 Kf7 30. Be3 Bh6 31. Bxh6 Qxh6 32. Nf4 Rh8 33. Rh2 Qg5 34. Qf2 Rad8
35. Ne2 f5 36. e5 Qe7 37. Bf1 Kg7 38. Rh1 Rh6 39. exd6 Qg5 40. Qxc5 Bxf3 41.
Qe5+ Kf7 42. Bg2 1-0

[Event "Panamericano por Equipos 2009"]
[Site "Mendes BRA"]
[Date "2009.08.09"]
[Round "1.33"]
[White "Zuluaga, Cesar"]
[Black "Milos, Gilberto"]
[Result "1/2-1/2"]
[WhiteElo "2314"]
[BlackElo "2589"]
[PlyCount "131"]
[EventDate "2009.08.09"]
[EventType "team"]
[EventRounds "5"]
[EventCountry "BRA"]
[Source "lmi"]
[SourceDate "2009.08.09"]

1. d4 Nf6 2. Nf3 c5 3. e3 g6 4. Bd3 Bg7 5. O-O O-O 6. Nbd2 d5 7. c3 Nbd7 8. Re1
Qc7 9. h3 b6 10. Rb1 c4 11. Bc2 Bb7 12. e4 dxe4 13. Nxe4 Nd5 14. Bg5 h6 15. Bd2
Qc6 16. Qc1 f5 17. Ng3 f4 18. Ne4 g5 19. b3 Kh8 20. bxc4 Qxc4 21. Bb3 Qc7 22.
c4 Ne3 23. d5 Nf5 24. Bc3 Nc5 25. Bxg7+ Nxg7 26. Nxc5 Qxc5 27. Ne5 Qd6 28. Bc2
Kg8 29. Qd2 Rfd8 30. Qc3 Bc8 31. Nc6 Re8 32. Qe5 Bf5 33. Qxd6 exd6 34. Bxf5
Nxf5 35. a3 Rxe1+ 36. Rxe1 Rc8 37. g4 fxg3 38. fxg3 Rc7 39. g4 Nh4 40. Re6 Nf3+
41. Kf2 Nd2 42. Rxh6 Kg7 43. Rh5 Kg6 44. Rh8 Nxc4 45. Rg8+ Kf6 46. Rf8+ Rf7 47.
Rxf7+ Kxf7 48. Nxa7 Nxa3 49. Kg3 b5 50. Nc6 Nc2 51. h4 b4 52. Na5 gxh4+ 53.
Kxh4 Ne3 54. g5 Kg6 55. Kg3 Nxd5 56. Kf3 Kxg5 57. Nc4 b3 58. Nxd6 b2 59. Ne4+
Kf5 60. Nd2 Nb6 61. Ke2 Nc4 62. Nb1 Ke4 63. Nc3+ Ke5 64. Kd3 Na3 65. Nb1 Nxb1
66. Kc2 1/2-1/2

[Event "Panamericano por Equipos 2009"]
[Site "Mendes BRA"]
[Date "2009.08.09"]
[Round "1.34"]
[White "Fier, Alexandr"]
[Black "Castano, Duvan Martin"]
[Result "1-0"]
[WhiteElo "2604"]
[BlackElo "2337"]
[PlyCount "45"]
[EventDate "2009.08.09"]
[EventType "team"]
[EventRounds "5"]
[EventCountry "BRA"]
[Source "lmi"]
[SourceDate "2009.08.09"]

1. d4 Nf6 2. c4 e6 3. Nf3 Bb4+ 4. Bd2 Qe7 5. g3 Bxd2+ 6. Nbxd2 d6 7. Bg2 e5 8.
O-O e4 9. Ng5 e3 10. Nde4 Nxe4 11. Nxe4 Bf5 12. Nc3 c6 13. b4 exf2+ 14. Rxf2
Qe3 15. Qb3 Qxd4 16. Rd1 Qe5 17. Nb5 cxb5 18. Rd5 Qe7 19. Rdxf5 O-O 20. Rxf7
Rxf7 21. Bd5 Kh8 22. Rxf7 Qe8 23. Qc3 1-0

[Event "Panamericano por Equipos 2009"]
[Site "Mendes BRA"]
[Date "2009.08.10"]
[Round "2.22"]
[White "Leitao, Rafael"]
[Black "Dominguez, Jose Manuel"]
[Result "1-0"]
[WhiteElo "2610"]
[BlackElo "2368"]
[PlyCount "65"]
[EventDate "2009.08.09"]
[EventType "team"]
[EventRounds "5"]
[EventCountry "BRA"]
[Source "lmi"]
[SourceDate "2009.08.09"]

1. d4 b5 2. e4 Bb7 3. Bd3 Nf6 4. Nd2 e6 5. Ngf3 a6 6. a4 c5 7. dxc5 Bxc5 8. O-O
bxa4 9. e5 Ng4 10. Rxa4 f5 11. h3 Nh6 12. Nb3 Bb6 13. Nfd2 Bc6 14. Ra1 Qh4 15.
Nf3 Qg3 16. Na5 Ng4 17. hxg4 fxg4 18. Nxc6 gxf3 19. Qxf3 Qxf3 20. gxf3 Nxc6 21.
Be4 Bc7 22. f4 a5 23. b4 Rb8 24. Bxc6 dxc6 25. bxa5 Ra8 26. a6 O-O 27. Be3 g5
28. fxg5 Bxe5 29. Ra4 Rf5 30. a7 Bc7 31. Rb1 Rf7 32. Rab4 Kg7 33. Rb8 1-0

[Event "Panamericano por Equipos 2009"]
[Site "Mendes BRA"]
[Date "2009.08.10"]
[Round "2.24"]
[White "Milos, Gilberto"]
[Black "Subervi, Jonathan"]
[Result "1-0"]
[WhiteElo "2589"]
[BlackElo "2227"]
[PlyCount "64"]
[EventDate "2009.08.09"]
[EventType "team"]
[EventRounds "5"]
[EventCountry "BRA"]
[Source "lmi"]
[SourceDate "2009.08.09"]

1. e4 e5 2. Nf3 Nc6 3. Bb5 a6 4. Ba4 Nf6 5. O-O Be7 6. Re1 b5 7. Bb3 d6 8. c3
O-O 9. h3 Na5 10. Bc2 c5 11. d4 Qc7 12. Nbd2 Bd7 13. Nf1 Nc4 14. Ng3 Rfe8 15.
b3 Nb6 16. Be3 Bf8 17. Qd2 c4 18. Bg5 Be7 19. Nh4 g6 20. f4 Bc8 21. Rf1 Nbd7
22. bxc4 bxc4 23. fxe5 dxe5 24. Rf3 Rb8 25. Ba4 Qa5 26. Bxd7 Nxd7 27. Bxe7 Rxe7
28. Ngf5 gxf5 29. Rg3+ Kf8 30. Qh6+ Ke8 31. Rg8+ Nf8 32. Qxf8+ Kd7 1-0

[Event "Panamericano por Equipos 2009"]
[Site "Mendes BRA"]
[Date "2009.08.10"]
[Round "2.32"]
[White "Alonso, Salvador"]
[Black "Alvarez, Marquez Johann"]
[Result "1/2-1/2"]
[WhiteElo "2517"]
[BlackElo "2431"]
[PlyCount "60"]
[EventDate "2009.08.09"]
[EventType "team"]
[EventRounds "5"]
[EventCountry "BRA"]
[Source "lmi"]
[SourceDate "2009.08.09"]

1. e4 c5 2. Nf3 Nc6 3. Nc3 d6 4. d4 cxd4 5. Nxd4 e6 6. Be2 Nf6 7. O-O Be7 8.
Be3 a6 9. f4 Qc7 10. Kh1 O-O 11. Qe1 Nxd4 12. Bxd4 b5 13. a3 Bb7 14. Qg3 Rac8
15. Rae1 g6 16. Bf3 Nd7 17. f5 e5 18. Be3 Qd8 19. Qh3 Rc7 20. Bg4 Nc5 21. Bh6
Bh4 22. Re2 Re8 23. Qe3 Bf6 24. Ref2 Bh8 25. Rd1 Na4 26. Nxa4 bxa4 27. Rfd2 Rc6
28. c3 Bg7 29. Bxg7 Kxg7 30. Bf3 Qe7 1/2-1/2

[Event "Panamericano por Equipos 2009"]
[Site "Mendes BRA"]
[Date "2009.08.10"]
[Round "2.33"]
[White "Sequera Paolini, Jose"]
[Black "Goldwaser, Christian"]
[Result "1-0"]
[WhiteElo "2398"]
[BlackElo "2442"]
[PlyCount "75"]
[EventDate "2009.08.09"]
[EventType "team"]
[EventRounds "5"]
[EventCountry "BRA"]
[Source "lmi"]
[SourceDate "2009.08.09"]

1. f4 g6 2. Nf3 Bg7 3. g3 c5 4. Bg2 Nc6 5. O-O e6 6. c3 Nge7 7. d3 O-O 8. Be3
b6 9. Nbd2 d5 10. Bf2 Ba6 11. Rb1 Rc8 12. Qa4 Nb8 13. Rfc1 Qd7 14. Qa3 Nf5 15.
b4 cxb4 16. cxb4 Nd6 17. Ne5 Qe7 18. Rxc8 Bxc8 19. b5 f6 20. Nc6 Nxc6 21. bxc6
Nf5 22. Qa4 Qc7 23. e4 Ne7 24. Nb3 Qxc6 25. Qxa7 Re8 26. Rc1 Qb5 27. Bf1 Qa6
28. Bxb6 Qxa7 29. Bxa7 Ba6 30. Rc7 Bf8 31. Nc5 Bc8 32. a4 g5 33. fxg5 fxg5 34.
e5 h5 35. d4 Nf5 36. Bb5 Rd8 37. Nd7 Be7 38. Nb6 1-0

[Event "Panamericano por Equipos 2009"]
[Site "Mendes BRA"]
[Date "2009.08.10"]
[Round "2.34"]
[White "Tristan, Leonardo"]
[Black "Boada, Wiston"]
[Result "1-0"]
[WhiteElo "2402"]
[BlackElo "2252"]
[PlyCount "97"]
[EventDate "2009.08.09"]
[EventType "team"]
[EventRounds "5"]
[EventCountry "BRA"]
[Source "lmi"]
[SourceDate "2009.08.09"]

1. e4 d6 2. d4 Nf6 3. Nc3 c6 4. g3 Qa5 5. Bg2 e5 6. Nge2 b5 7. O-O Be7 8. h3 b4
9. Nb1 c5 10. d5 Ba6 11. Be3 Nbd7 12. Nd2 Bb5 13. a3 Qc7 14. Re1 O-O 15. axb4
cxb4 16. c4 bxc3 17. Nxc3 a6 18. Nxb5 axb5 19. Qb3 Nc5 20. Qxb5 Rab8 21. Qc6
Qxc6 22. dxc6 Nd3 23. Reb1 Rfc8 24. Ra7 Bd8 25. Rb7 Rxb7 26. cxb7 Rb8 27. Ra1
Nc5 28. Bxc5 dxc5 29. Nb3 Rxb7 30. Ra8 Rd7 31. Nxc5 Rd1+ 32. Bf1 Kf8 33. Kg2
Ke7 34. Ra7+ Kf8 35. Bc4 Bb6 36. Rxf7+ Ke8 37. b4 Rd4 38. Rb7 Bxc5 39. Bb5+ Kd8
40. bxc5 Rb4 41. c6 Rb3 42. c7+ Kc8 43. Bd7+ Kxd7 44. Rxb3 Kxc7 45. Kf3 Kc6 46.
Ra3 Nd7 47. Ra6+ Kc7 48. Re6 Kd8 49. Kg4 1-0

[Event "Panamericano por Equipos 2009"]
[Site "Mendes BRA"]
[Date "2009.08.11"]
[Round "3.12"]
[White "Bruzon Batista, Lazaro"]
[Black "Alonso, Salvador"]
[Result "1-0"]
[WhiteElo "2619"]
[BlackElo "2517"]
[PlyCount "48"]
[EventDate "2009.08.09"]
[EventType "team"]
[EventRounds "5"]
[EventCountry "BRA"]
[Source "lmi"]
[SourceDate "2009.08.09"]

1. d4 d5 2. c4 c6 3. Nc3 Nf6 4. e3 g6 5. Nf3 Bg7 6. Be2 O-O 7. O-O a6 8. a4 a5
9. Qb3 e6 10. Rd1 Nbd7 11. Qc2 Re8 12. b3 Qb6 13. Bb2 Qa7 14. e4 Nxe4 15. Nxe4
dxe4 16. Qxe4 Qb6 17. Qc2 e5 18. c5 Qd8 19. dxe5 Qe7 20. e6 Qxe6 21. Bxg7 Kxg7
22. Rd2 Qf5 23. Qc3+ Kg8 24. Bc4 Qh5 1-0

[Event "Panamericano por Equipos 2009"]
[Site "Mendes BRA"]
[Date "2009.08.11"]
[Round "3.14"]
[White "Hernandez Carmenates, Holden"]
[Black "Perdomo, Leandro"]
[Result "1-0"]
[WhiteElo "2573"]
[BlackElo "2409"]
[PlyCount "95"]
[EventDate "2009.08.09"]
[EventType "team"]
[EventRounds "5"]
[EventCountry "BRA"]
[Source "lmi"]
[SourceDate "2009.08.09"]

1. d4 Nf6 2. c4 g6 3. Nc3 Bg7 4. e4 d6 5. Nf3 O-O 6. Be2 e5 7. O-O Nbd7 8. Re1
c6 9. Rb1 a5 10. Be3 h6 11. dxe5 dxe5 12. h3 Qe7 13. Qa4 Rd8 14. Red1 Bf8 15.
Rd2 Re8 16. Rbd1 Nc5 17. Qc2 Nfd7 18. Bf1 Bg7 19. g3 Ne6 20. Na4 Ndc5 21. Nxc5
Nxc5 22. Rd6 Ne6 23. c5 Qf6 24. Nh2 h5 25. Qc3 Rd8 26. Rxd8+ Nxd8 27. Bg2 Ne6
28. Nf3 Qe7 29. Nxe5 Nf8 30. f4 Nd7 31. Bd4 Nxe5 32. Bxe5 Bxe5 33. Qxe5 Qxe5
34. Rd8+ Kg7 35. fxe5 g5 36. Bf3 h4 37. gxh4 gxh4 38. Bg4 Bxg4 39. Rxa8 Bxh3
40. Rxa5 Kg6 41. Ra7 Bc8 42. a4 Kg5 43. Ra8 Bg4 44. Rb8 Kf4 45. Rxb7 Kg3 46. a5
h3 47. Rb3+ Bf3 48. Rxf3+ 1-0

[Event "Panamericano por Equipos 2009"]
[Site "Mendes BRA"]
[Date "2009.08.11"]
[Round "3.21"]
[White "Vescovi, Giovanni"]
[Black "Prasca Sosa, Rafael"]
[Result "1/2-1/2"]
[WhiteElo "2631"]
[BlackElo "2414"]
[PlyCount "124"]
[EventDate "2009.08.09"]
[EventType "team"]
[EventRounds "5"]
[EventCountry "BRA"]
[Source "lmi"]
[SourceDate "2009.08.09"]

1. d4 d5 2. c4 c6 3. Nf3 Nf6 4. Nc3 a6 5. c5 Bf5 6. Nh4 Bc8 7. Bf4 h6 8. e3 g5
9. Bxb8 Rxb8 10. Nf3 Nd7 11. e4 dxe4 12. Nxe4 Bg7 13. Bc4 g4 14. Nfd2 Nf6 15.
Nxf6+ Bxf6 16. Nb3 a5 17. a4 b6 18. cxb6 Rxb6 19. O-O Rb4 20. Qc2 O-O 21. Rad1
Qb6 22. Nc5 Rxb2 23. Qe4 Kg7 24. Nd3 Qxd4 25. Qxd4 Bxd4 26. Nxb2 Bxb2 27. f3
Be5 28. fxg4 Bxg4 29. Rb1 Bc8 30. Kh1 Bc7 31. Rfe1 Bf4 32. Rf1 Bc7 33. Rfc1 Bf4
34. Rf1 Bc7 35. Rfc1 Bf4 36. Re1 Bd6 37. Rb6 Bd7 38. Ra6 Bb4 39. Rd1 Bf5 40.
Rxc6 Be4 41. Ra6 Rc8 42. Be2 Bc2 43. Rd4 Bxa4 44. Rg4+ Kf8 45. h4 Rc1+ 46. Kh2
Bd7 47. Ra8+ Rc8 48. Rxc8+ Bxc8 49. Rd4 Bd6+ 50. g3 Bd7 51. Bd1 Kg7 52. Ba4 Be6
53. Kg2 f5 54. Rd1 Kf6 55. Kf3 Bf7 56. g4 fxg4+ 57. Kxg4 h5+ 58. Kf3 Be6 59.
Rf1 Ke5 60. Re1+ Kf6 61. Rf1 Ke5 62. Re1+ Kf6 1/2-1/2

[Event "Panamericano por Equipos 2009"]
[Site "Mendes BRA"]
[Date "2009.08.11"]
[Round "3.22"]
[White "Alvarez, Marquez Johann"]
[Black "Leitao, Rafael"]
[Result "1/2-1/2"]
[WhiteElo "2431"]
[BlackElo "2610"]
[PlyCount "75"]
[EventDate "2009.08.09"]
[EventType "team"]
[EventRounds "5"]
[EventCountry "BRA"]
[Source "lmi"]
[SourceDate "2009.08.09"]

1. d4 Nf6 2. c4 e6 3. Nc3 Bb4 4. Qc2 d5 5. cxd5 exd5 6. Bg5 c5 7. Nf3 h6 8.
Bxf6 Qxf6 9. e3 cxd4 10. Nxd4 Nc6 11. Rd1 O-O 12. a3 Nxd4 13. Rxd4 Bxc3+ 14.
Qxc3 Qg6 15. f3 Be6 16. Rd2 Rfc8 17. Qd4 Rc2 18. g4 Rc1+ 19. Kf2 Rac8 20. Bd3
Qg5 21. Rdd1 Qh4+ 22. Kg2 R1c5 23. h3 h5 24. Rd2 b6 25. Qf4 Kf8 26. Rhd1 Ke7
27. Qe5 hxg4 28. hxg4 Rh8 29. Qg3 Qxg3+ 30. Kxg3 g5 31. Bb1 Rhc8 32. f4 f6 33.
Ba2 gxf4+ 34. Kxf4 Rg8 35. Bxd5 Rxg4+ 36. Kf3 Rg5 37. Bxe6 Kxe6 38. Rd6+
1/2-1/2

[Event "Panamericano por Equipos 2009"]
[Site "Mendes BRA"]
[Date "2009.08.11"]
[Round "3.23"]
[White "Fier, Alexandr"]
[Black "Sequera Paolini, Jose"]
[Result "1-0"]
[WhiteElo "2604"]
[BlackElo "2398"]
[PlyCount "43"]
[EventDate "2009.08.09"]
[EventType "team"]
[EventRounds "5"]
[EventCountry "BRA"]
[Source "lmi"]
[SourceDate "2009.08.09"]

1. d4 d5 2. c4 c6 3. Nf3 e6 4. Nc3 f5 5. g4 fxg4 6. Ne5 Nf6 7. h3 g3 8. fxg3
Nbd7 9. Bf4 Nh5 10. Nxd7 Nxf4 11. Nxf8 Nh5 12. Nxh7 Nxg3 13. Qd3 Nf5 14. O-O-O
Rxh7 15. e4 Qg5+ 16. Rd2 dxe4 17. Nxe4 Qe3 18. Nd6+ Kf8 19. Qxe3 Nxe3 20. Bd3
Nf5 21. Re2 Nxd4 22. Rf2+ 1-0

[Event "Panamericano por Equipos 2009"]
[Site "Mendes BRA"]
[Date "2009.08.11"]
[Round "3.24"]
[White "Boada, Wiston"]
[Black "Milos, Gilberto"]
[Result "0-1"]
[WhiteElo "2252"]
[BlackElo "2589"]
[PlyCount "78"]
[EventDate "2009.08.09"]
[EventType "team"]
[EventRounds "5"]
[EventCountry "BRA"]
[Source "lmi"]
[SourceDate "2009.08.09"]

1. d4 Nf6 2. g3 d5 3. Bg2 c6 4. Nf3 Bg4 5. Ne5 Bh5 6. c4 e6 7. O-O Nbd7 8. cxd5
exd5 9. Nd3 Be7 10. Nf4 Bg6 11. Nxg6 hxg6 12. Nc3 O-O 13. f3 c5 14. Be3 Re8 15.
Bf2 cxd4 16. Bxd4 Bc5 17. Kh1 Bxd4 18. Qxd4 Ne5 19. Rad1 Nc4 20. Rb1 Ne3 21.
Rg1 Qd7 22. Qd3 Re5 23. g4 Rae8 24. Qd4 b5 25. b4 a6 26. Rbc1 g5 27. Rge1 Qd6
28. Kg1 R5e6 29. a4 Nfxg4 30. fxg4 Rh6 31. Kf2 Qxh2 32. Qxe3 Rxe3 33. Kxe3 Qxg2
34. axb5 axb5 35. Rg1 Qh2 36. Kd3 Qe5 37. Rgf1 Re6 38. Rf5 Qe3+ 39. Kc2 d4 0-1

[Event "Panamericano por Equipos 2009"]
[Site "Mendes BRA"]
[Date "2009.08.11"]
[Round "3.31"]
[White "Barrientos, Sergio E"]
[Black "Munoz, Lisandro"]
[Result "1-0"]
[WhiteElo "2474"]
[BlackElo "2391"]
[PlyCount "73"]
[EventDate "2009.08.09"]
[EventType "team"]
[EventRounds "5"]
[EventCountry "BRA"]
[Source "lmi"]
[SourceDate "2009.08.09"]

1. e4 c6 2. d4 d5 3. e5 Bf5 4. h4 h5 5. Nc3 e6 6. Nge2 c5 7. Be3 Nc6 8. dxc5
Nxe5 9. Nd4 Bg6 10. Bb5+ Nd7 11. c6 bxc6 12. Nxc6 Qc7 13. Qd4 Ngf6 14. Ne5 Bf5
15. Bf4 Bd6 16. Nxd7 Nxd7 17. Qxg7 O-O-O 18. Bxd6 Qxd6 19. O-O-O Rhg8 20. Qd4
Kb8 21. Be2 Nb6 22. Nb5 Qc6 23. Qe5+ Ka8 24. Nc7+ Kb8 25. Nxd5+ Qd6 26. Qxd6+
Rxd6 27. Ne3 Rxd1+ 28. Rxd1 Bg6 29. b3 f5 30. g3 Kc7 31. a4 Nd7 32. Bc4 Nc5 33.
b4 Nxa4 34. Bxe6 Rf8 35. Rd7+ Kb6 36. Bb3 Be8 37. Nd5+ 1-0

[Event "Panamericano por Equipos 2009"]
[Site "Mendes BRA"]
[Date "2009.08.11"]
[Round "3.33"]
[White "Zuluaga, Cesar"]
[Black "Puntier, William"]
[Result "0-1"]
[WhiteElo "2314"]
[BlackElo "2291"]
[PlyCount "68"]
[EventDate "2009.08.09"]
[EventType "team"]
[EventRounds "5"]
[EventCountry "BRA"]
[Source "lmi"]
[SourceDate "2009.08.09"]

1. d4 Nf6 2. Nf3 c5 3. e3 cxd4 4. exd4 d5 5. Bd3 g6 6. O-O Bg7 7. Re1 O-O 8. h3
Nc6 9. c3 Bf5 10. Bf1 Ne4 11. Bf4 f6 12. g4 Bc8 13. c4 f5 14. g5 Qb6 15. cxd5
Nxd4 16. Nc3 Qxb2 17. Nxe4 fxe4 18. Nxd4 Bxd4 19. Qd2 Qxd2 20. Bxd2 Bxf2+ 21.
Kg2 Bxe1 22. Rxe1 Bf5 23. Bb4 Kf7 24. Bc4 b5 25. Bb3 a5 26. d6+ e6 27. Bd2 Rad8
28. Bf4 a4 29. Bd1 Rc8 30. Re3 Rc5 31. Re1 e5 32. Be3 Rc3 33. Kf2 Rd3 34. Be2
Rxd6 0-1

[Event "Panamericano por Equipos 2009"]
[Site "Mendes BRA"]
[Date "2009.08.11"]
[Round "3.34"]
[White "Alvarado, Nelson"]
[Black "Ramirez, Carlos"]
[Result "0-1"]
[WhiteElo "2227"]
[BlackElo "2268"]
[PlyCount "74"]
[EventDate "2009.08.09"]
[EventType "team"]
[EventRounds "5"]
[EventCountry "BRA"]
[Source "lmi"]
[SourceDate "2009.08.09"]

1. e4 e6 2. d3 d5 3. Nd2 c5 4. c3 Nc6 5. Ngf3 Bd6 6. Be2 Nge7 7. O-O O-O 8. Re1
Bc7 9. Bf1 b6 10. Rb1 a5 11. d4 cxd4 12. cxd4 dxe4 13. Nxe4 Nf5 14. Bg5 Nce7
15. Nc3 Bb7 16. Bc4 Bxf3 17. Qxf3 Bxh2+ 18. Kh1 Bd6 19. Rbd1 h6 20. Bc1 Rc8 21.
Bb3 Ng6 22. g3 Nfe7 23. Kg2 Bb4 24. a3 Bxc3 25. bxc3 b5 26. a4 bxa4 27. Bxa4
Qd5 28. Bd2 Rfd8 29. Bc2 Nf8 30. Be4 Qa2 31. Qh5 f5 32. Bd3 Qd5+ 33. Qf3 Qd7
34. Ra1 Nd5 35. Ba6 Ra8 36. Qe2 Qc6 37. Bb5 Nf4+ 0-1

[Event "Panamericano por Equipos 2009"]
[Site "Mendes BRA"]
[Date "2009.08.12"]
[Round "4.11"]
[White "Dominguez Perez, Lenier"]
[Black "Munoz, Lisandro"]
[Result "1-0"]
[WhiteElo "2716"]
[BlackElo "2391"]
[PlyCount "63"]
[EventDate "2009.08.09"]
[EventType "team"]
[EventRounds "5"]
[EventCountry "BRA"]
[Source "lmi"]
[SourceDate "2009.08.09"]

1. e4 e6 2. d4 d5 3. Nc3 Nf6 4. e5 Nfd7 5. f4 c5 6. Nf3 Nc6 7. Be3 cxd4 8. Nxd4
Bc5 9. Qd2 O-O 10. O-O-O a6 11. Qf2 Nxd4 12. Bxd4 b6 13. g3 Qc7 14. Bh3 b5 15.
Rhe1 b4 16. Ne2 a5 17. f5 exf5 18. Nf4 Bxd4 19. Rxd4 Nb6 20. Nh5 b3 21. axb3 a4
22. bxa4 Rxa4 23. Rxa4 Nxa4 24. Qd4 Nc5 25. Kb1 Be6 26. Re3 Ne4 27. Ra3 Rc8 28.
c3 Qb7 29. Bf1 Rb8 30. b4 h6 31. Kb2 Rc8 32. Ba6 1-0

[Event "Panamericano por Equipos 2009"]
[Site "Mendes BRA"]
[Date "2009.08.12"]
[Round "4.12"]
[White "Dominguez, Jose Manuel"]
[Black "Bruzon Batista, Lazaro"]
[Result "1/2-1/2"]
[WhiteElo "2368"]
[BlackElo "2619"]
[PlyCount "77"]
[EventDate "2009.08.09"]
[EventType "team"]
[EventRounds "5"]
[EventCountry "BRA"]
[Source "lmi"]
[SourceDate "2009.08.09"]

1. Nf3 Nf6 2. b4 e6 3. a3 d5 4. e3 Nbd7 5. c4 a5 6. b5 Nb6 7. cxd5 exd5 8. Be2
Bd6 9. Bb2 O-O 10. Qc2 Re8 11. Bd4 Qe7 12. Nc3 Nbd7 13. Nh4 g6 14. Na4 Nf8 15.
Bb2 Bg4 16. Nf3 N8d7 17. h3 Bxf3 18. Bxf3 Be5 19. O-O Bxb2 20. Nxb2 Rec8 21. d4
Nb6 22. Na4 Nxa4 23. Qxa4 c5 24. bxc6 bxc6 25. Rac1 c5 26. dxc5 Rxc5 27. Rxc5
Qxc5 28. Rb1 Kg7 29. g4 h6 30. Rb5 Qc1+ 31. Kg2 Qd2 32. Qd4 Qxd4 33. exd4 Rc8
34. Rxa5 Rc4 35. Bxd5 Nxd5 36. Rxd5 Ra4 37. h4 Rxa3 38. g5 hxg5 39. hxg5
1/2-1/2

[Event "Panamericano por Equipos 2009"]
[Site "Mendes BRA"]
[Date "2009.08.12"]
[Round "4.13"]
[White "Corrales Jimenez, Fidel"]
[Black "Puntier, William"]
[Result "1-0"]
[WhiteElo "2602"]
[BlackElo "2291"]
[PlyCount "65"]
[EventDate "2009.08.09"]
[EventType "team"]
[EventRounds "5"]
[EventCountry "BRA"]
[Source "lmi"]
[SourceDate "2009.08.09"]

1. e4 e5 2. Nf3 d6 3. d4 Nf6 4. Nc3 Nbd7 5. Bc4 Be7 6. O-O O-O 7. a4 c6 8. Re1
a5 9. Ba2 Re8 10. h3 Bf8 11. Ng5 Re7 12. dxe5 dxe5 13. f4 Qc7 14. f5 h6 15. Nf3
Nc5 16. g4 Rd7 17. Qe2 Rd4 18. g5 Nfxe4 19. Nxd4 exd4 20. Nxe4 Bxf5 21. Nf2
Qg3+ 22. Kf1 hxg5 23. Qh5 Ne6 24. Bxe6 Bxe6 25. Rxe6 fxe6 26. Qxg5 Qf3 27. Bf4
c5 28. Re1 Ra6 29. Be5 Qd5 30. Ne4 Qc4+ 31. Kg1 Qxa4 32. Qg6 Kh8 33. Ng5 1-0

[Event "Panamericano por Equipos 2009"]
[Site "Mendes BRA"]
[Date "2009.08.12"]
[Round "4.21"]
[White "Prasca Sosa, Rafael"]
[Black "Barrientos, Sergio E"]
[Result "1-0"]
[WhiteElo "2414"]
[BlackElo "2474"]
[PlyCount "152"]
[EventDate "2009.08.09"]
[EventType "team"]
[EventRounds "5"]
[EventCountry "BRA"]
[Source "lmi"]
[SourceDate "2009.08.09"]

1. e4 c5 2. Nf3 Nc6 3. d4 cxd4 4. Nxd4 Nf6 5. Nc3 d6 6. g3 Bg4 7. f3 Bd7 8. Be3
a6 9. Qd2 e6 10. g4 h6 11. h4 b5 12. O-O-O Nxd4 13. Qxd4 Qa5 14. a3 Rc8 15. Qa7
Rc7 16. Qb8+ Rc8 17. Qa7 Rc7 18. Bb6 Rxa7 19. Bxa5 Bc6 20. Bg2 Be7 21. Kb1 O-O
22. Rd2 Nd7 23. f4 g5 24. hxg5 hxg5 25. fxg5 Ne5 26. Bf1 Nf3 27. Rf2 Nxg5 28.
Bd3 Kg7 29. Bb6 Raa8 30. Bd4+ f6 31. Rh5 e5 32. Be3 Rh8 33. Rfh2 Rxh5 34. Rxh5
Be8 35. Rh1 Bg6 36. Nd5 Bd8 37. Bxg5 fxg5 38. Ne3 Bb6 39. Nf5+ Bxf5 40. gxf5
Bf2 41. Be2 d5 42. f6+ Kf7 43. Bh5+ Ke6 44. Bg4+ Kd6 45. Rd1 d4 46. Rf1 Bg3 47.
Rf3 Bf4 48. Rh3 Rf8 49. Rh6 a5 50. a4 bxa4 51. Ka2 Kc5 52. Rg6 Bc1 53. Kb1 a3
54. bxa3 Bxa3 55. Be6 Kb4 56. Ka2 Bc1 57. f7 g4 58. Kb1 Bf4 59. Rxg4 Kc3 60.
Rg8 Bh6 61. Rg3+ Be3 62. Rg8 Bh6 63. Bd5 a4 64. Bc6 a3 65. Bd5 Kd2 66. Bb3 Ke3
67. Rg6 Bf4 68. Bd5 Kd2 69. Rg2+ Kc3 70. Ka2 Bh6 71. Rg6 Bd2 72. Rc6+ Kb4 73.
Rg6 Bc1 74. Bb3 Bf4 75. Rb6+ Kc3 76. Rc6+ Kb4 1-0